| 000 | 00475nam a22001697a 4500 | ||
|---|---|---|---|
| 999 |
_c18594 _d18594 |
||
| 003 | AR-CdUCM | ||
| 008 | 190514b ||||| |||| 00| 0 spa d | ||
| 040 |
_aMUNICIPALIDAD PROVINCIAL DEL CUSCO _cBIBLIOTECA MUNICIPAL DEL CUSCO |
||
| 082 |
_a823 / _bG57 |
||
| 100 |
_aGlyn, Elinor. _939274 |
||
| 245 |
_aSu hora / _aHis hour / |
||
| 260 |
_aChile : _bLux, |
||
| 300 |
_a156 páginas ; _c22 cm. |
||
| 650 |
_aLiteratura. _983 |
||
| 942 |
_2ddc _cLIBROS |
||
| 945 |
_arum _d2019-05-14 |
||